ARRUPE JESUIT UNIVERSITY

CORONAVIRUS -STOP THE SPREAD - CLEAN,DISINFECT,COVER

Man and the environment; (Record no. 31882)

MARC details
000 -LEADER
fixed length control field 00753cam a2200241 4500
001 - CONTROL NUMBER
control field 834279
003 - CONTROL NUMBER IDENTIFIER
control field ARRUPE
005 - DATE AND TIME OF LATEST TRANSACTION
control field 20170922113719.0
008 - FIXED-LENGTH DATA ELEMENTS--GENERAL INFORMATION
fixed length control field 710324s1971 nyuab b 001 0 eng
010 ## - LIBRARY OF CONGRESS CONTROL NUMBER
LC control number 77126185
040 ## - CATALOGING SOURCE
Original cataloging agency DLC
Transcribing agency DLC
Modifying agency DLC
050 00 - LIBRARY OF CONGRESS CALL NUMBER
Classification number GF41
Item number .B67
082 00 - DEWEY DECIMAL CLASSIFICATION NUMBER
Classification number 301.3/1
300 ## - PHYSICAL DESCRIPTION
Other physical details illus., maps.
Dimensions 26 cm.
100 1# - MAIN ENTRY--PERSONAL NAME
Personal name Boughey, Arthur S.
9 (RLIN) 36129
245 10 - TITLE STATEMENT
Title Man and the environment;
Remainder of title an introduction to human ecology and evolution
Statement of responsibility, etc [by] Arthur S. Boughey.
260 ## - PUBLICATION, DISTRIBUTION, ETC. (IMPRINT)
Place of publication, distribution, etc New York,
Name of publisher, distributor, etc Macmillan
Date of publication, distribution, etc [1971]
300 ## - PHYSICAL DESCRIPTION
Extent viii, 472 p.
350 ## - PRICE (NR) (BK AM CF MU VM SE) [OBSOLETE]
Price $6.95
504 ## - BIBLIOGRAPHY, ETC. NOTE
Bibliography, etc Includes bibliographies.
650 #0 - SUBJECT ADDED ENTRY--TOPICAL TERM
Topical term or geographic name as entry element Human ecology.
9 (RLIN) 16936
650 #0 - SUBJECT ADDED ENTRY--TOPICAL TERM
Topical term or geographic name as entry element Human evolution.
9 (RLIN) 36130
906 ## - LOCAL DATA ELEMENT F, LDF (RLIN)
a 7
b cbc
c orignew
d 2
e ncip
f 19
g y-gencatlg
942 ## - ADDED ENTRY ELEMENTS (KOHA)
Source of classification or shelving scheme Library of Congress Classification
Koha item type Monograph ( Printed materials)
Holdings
Withdrawn status Lost status Source of classification or shelving scheme Damaged status Not for loan Collection code Home library Current library Shelving location Date acquired Total Checkouts Full call number Barcode Date last seen Date checked out Copy number Price effective from Koha item type
    Library of Congress Classification     Main Collection ARRUPE LIBRARY ARRUPE LIBRARY   04/03/2013 1 GF41.B67 46003041998 09/04/2018 13/11/2013 1 04/03/2013 Monograph ( Printed materials)

 

Arrupe Library. PO Box MP320 Mt Pleasant, Harare, Zimbabwe
263 242 745411|librarian@aju.ac.zw